| 000 | 00397nam a22001457a 4500 | ||
|---|---|---|---|
| 005 | 20200604094714.0 | ||
| 008 | 200604b xxu||||| |||| 00| 0 eng d | ||
| 082 | _a345.4 AIR | ||
| 110 |
_aThe All India Reporter _95767 |
||
| 245 | _aThe All India Reporter1987 (V-74) RAJASTAN Section | ||
| 260 |
_aBOMBAY _bThe All India Reporter Ltd. _c1987 |
||
| 300 | _a380 | ||
| 650 |
_aLAW _95701 |
||
| 942 | _cJRL | ||
| 999 |
_c6790 _d6788 |
||